| 000 | 00717 a2200193 4500 | ||
|---|---|---|---|
| 999 |
_c6971 _d6971 |
||
| 020 | _a0252650401 | ||
| 020 | _a0262650401 (pbk.) | ||
| 050 | 0 | 0 | _aHB 144 OSB 1994 |
| 100 | 1 |
_aOsborne, Martin J. _eauthor |
|
| 245 | 1 | 2 |
_aA course in game theory / _cMartin J. Osborne, Ariel Rubinstein. |
| 264 |
_aMassachusetts : _bMT Press _c1994 |
||
| 300 |
_axv, 352 p. : _bill. ; |
||
| 500 | _aIncludes bibliographical references (p. [321]-339) and index. | ||
| 504 | _aIncludes bibliographical references (p. [321]-339) and index. | ||
| 650 | 0 | _aGame theory. | |
| 700 | 1 |
_aRubinstein, Ariel. _eauthor |
|
| 942 |
_2lcc _cBK _h144 _iOSB _kHB |
||